Super Strong Synonym Blitz Quiz Stats

 Plays Quiz Updated Mar 25, 2016

Challenge
Share
Tweet
Embed
Score 0/36 Timer 01:00
3 Plays Today
% Correct
Powerful
79.2%
Tough
78.3%
Mighty
78.3%
Sturdy
76.6%
Forceful
76.4%
Robust
75.8%
Hardy
75.2%
Durable
75.1%
Firm
74.4%
Weak
74%
Vigorous
73.6%
Formidable
72.2%
Frail
72%
Fragile
71.8%
Rugged
71.3%
Strapping
70.5%
Feeble
70.2%
Enduring
70.2%
% Correct
Potent
69.8%
Puny
69.6%
Flimsy
69.4%
Stout
69.3%
Delicate
68.3%
Broken
66.7%
Vulnerable
66%
Impotent
64.8%
Decrepit
63%
Infirm
61.1%
Stalwart
60.6%
Debilitated
59.9%
Spindly
57.9%
Yielding
57.1%
Lusty
46.3%
Effete
43.9%
Enervated
33.2%
Puissant
29.3%

You're not logged in!

Compare scores with friends on all Sporcle quizzes.
Join for Free
OR
Log In

You Might Also Like...

Show Comments

Extras

Top Quizzes Today


Score Distribution

Your Account Isn't Verified!

In order to create a playlist on Sporcle, you need to verify the email address you used during registration. Go to your Sporcle Settings to finish the process.

Report this User

Report this user for behavior that violates our Community Guidelines.

Details: